Caste Wars: The morality of treating individuals as though they are members of groups

This thesis is about individuals and groups - and about judgements made of individuals because of their membership of groups. I argue that the concept of caste can illuminate our understanding of discrimination. Chapter I adumbrates the properties of a group. Chapters II draws a distinction between...

Ausführliche Beschreibung

Gespeichert in:  
Bibliographische Detailangaben
1. VerfasserIn: Edmonds, David (Verfasst von)
Medienart: Elektronisch Buch
Sprache:Englisch
Veröffentlicht: 2003
In:Jahr: 2003
Online-Zugang: Volltext (kostenfrei)
Volltext (kostenfrei)
Verfügbarkeit prüfen: HBZ Gateway

MARC

LEADER 00000cam a22000002c 4500
001 186611672X
003 DE-627
005 20250125054854.0
007 cr uuu---uuuuu
008 231018s2003 xx |||||o 00| ||eng c
024 7 |a 10.21954/ou.ro.0000e815  |2 doi 
035 |a (DE-627)186611672X 
035 |a (DE-599)KXP186611672X 
040 |a DE-627  |b ger  |c DE-627  |e rda 
041 |a eng 
084 |a 2,1  |2 ssgn 
100 1 |a Edmonds, David  |e VerfasserIn  |4 aut 
245 1 0 |a Caste Wars: The morality of treating individuals as though they are members of groups 
264 1 |c 2003 
336 |a Text  |b txt  |2 rdacontent 
337 |a Computermedien  |b c  |2 rdamedia 
338 |a Online-Ressource  |b cr  |2 rdacarrier 
520 |a This thesis is about individuals and groups - and about judgements made of individuals because of their membership of groups. I argue that the concept of caste can illuminate our understanding of discrimination. Chapter I adumbrates the properties of a group. Chapters II draws a distinction between two types of statistical discrimination: between extrapolations based on characteristics like race, sex or eye colour and those based on past behaviour. But within the former category we feel more strongly about discrimination based on sex than discrimination based on eye-colour. Chapters III explains why this is so. I attempt to show that the concept of caste is essential for making sense of our intuitions. Race and sex are not supposed to be relevant in a meritocracy - potential employees and university applicants are supposed to be assessed on their individual worth. And yet there are cases where an individual's worth to a company may be a function of a characteristic like skin colour - such as when customers are racist and would rather not be served by a black person. Chapter IV attempts to reconcile this tension within merit. If we wish to break down caste, I argue, then far from pandering to the racist attitudes of the customers, the employer may have an added reason to employ somebody who is black. This brings us to Chapter V, and some reflections on how caste can illuminate the impassioned debate on affirmative action. But should we wish to break down caste? What is wrong with a society being rigidly split? Chapter VI offers a tentative answer, in the liberal tradition. The answer has something to do with autonomy. Chapters VII and VIII then examine two final areas where groups are relevant, and where caste can once again shed light: voting rights, and animal rights 
856 4 0 |u https://core.ac.uk/download/187751262.pdf  |x Verlag  |z kostenfrei  |3 Volltext  |7 0 
856 4 0 |u https://doi.org/10.21954/ou.ro.0000e815  |x Resolving-System  |z kostenfrei  |3 Volltext  |7 0 
935 |a mkri 
951 |a BO 
ELC |a 1 
LOK |0 000 xxxxxcx a22 zn 4500 
LOK |0 001 4391797488 
LOK |0 003 DE-627 
LOK |0 004 186611672X 
LOK |0 005 20231018043624 
LOK |0 008 231018||||||||||||||||ger||||||| 
LOK |0 035   |a (DE-2619)CORE8060477 
LOK |0 040   |a DE-2619  |c DE-627  |d DE-2619 
LOK |0 092   |o n 
LOK |0 852   |a DE-2619 
LOK |0 852 1  |9 00 
LOK |0 935   |a core 
LOK |0 939   |a 18-10-23  |b l01 
OAS |a 1 
ORI |a SA-MARC-krimdoka001.raw